Last to Last: Authors Quiz Stats

 Plays Quiz Updated Sep 14, 2016

Challenge
Share
Tweet
Score 0/48 Timer 07:00
0 Plays Today
% Correct
Orwell
91.9%
Milne
87.6%
Doyle
86.7%
Rowling
85.2%
Dickens
84.8%
Darwin
84.7%
Golding
84.2%
Seuss
83.1%
Dumas
82.5%
Hemingway
81.6%
Defoe
81.3%
Lewis
80.8%
London
80.5%
King
80.3%
Plath
76.7%
Larsson
75.4%
Dahl
75.3%
Angelou
74.1%
Hardy
72.9%
Martin
72.8%
White
72.3%
Stowe
72.1%
Clancy
69.7%
Austen
69.5%
% Correct
Cooper
65.9%
Walker
65.1%
Steinbeck
60%
Rice
59.9%
Joyce
59.5%
Irving
58.3%
Blume
56.9%
Vonnegut
55.4%
Pullman
54.6%
Waugh
53.9%
Montgomery
53.2%
Eliot
53.1%
Wolfe
52.7%
Faulkner
52.2%
Forster
51.3%
Achebe
47.2%
Wharton
46.3%
Roth
46.2%
Maugham
45.2%
Dostoyevsky
39.3%
Christie
39.2%
Eugenides
34.9%
Potok
34.6%
Heinlein
32.9%

You're not logged in!

Compare scores with friends on all Sporcle quizzes.
Join for Free
OR
Log In

You Might Also Like...

Show Comments

Extras

Top Quizzes Today


Score Distribution

Your Account Isn't Verified!

In order to create a playlist on Sporcle, you need to verify the email address you used during registration. Go to your Sporcle Settings to finish the process.

Report this User

Report this user for behavior that violates our Community Guidelines.

Details: